00685 a2200193 4500003000400000005001700004008004100021020001800062040000900080082002000089100002600109245009200135250001100227260003500238300001000273942004600283952014500329999001700474OSt20230822123811.0230822b |||||||| |||| 00| 0 eng d a9789390054015 coclc a658.1599bVIS/F aViswan, V vivek99337 aFOREIGN EXCHANGE MANAGEMENT AND INTERNATIONAL FINANCE /cVivek Viswan V and M M Sulphey a 2ED  aNew Delhi:bViva Books.c2020. a289 p 2ddccBKh658.1599iVIS/Fk658.1599mVIS/F 00102ddc40708MANAGEMENTaMESbMEScMANAGEMENTd2023-08-24l0o658.1599 VIS/Fp42145r2023-08-24 10:59:51v795.00w2023-08-24yBKzGL54R3 c41947d41947